MARC details
| 000 -CABECERA |
| campo de control de longitud fija |
01090nam a2200289 a 4500 |
| 001 - NÚMERO DE CONTROL |
| campo de control |
000009031 |
| 003 - IDENTIFICADOR DEL NÚMERO DE CONTROL |
| campo de control |
DO-SdBNP |
| 005 - FECHA Y HORA DE LA ÚLTIMA TRANSACCIÓN |
| campo de control |
20240412074209.0 |
| 007 - CAMPO FIJO DE DESCRIPCIÓN FÍSICA--INFORMACIÓN GENERAL |
| campo de control de longitud fija |
ta |
| 008 - DATOS DE LONGITUD FIJA--INFORMACIÓN GENERAL |
| campo de control de longitud fija |
090925s1968 dr 000 p spa d |
| 040 ## - FUENTE DE LA CATALOGACIÓN |
| Centro catalogador/agencia de origen |
DO-SdBNP |
| Lengua de catalogación |
spa |
| Centro/agencia transcriptor |
BNPHU |
| 082 #4 - NÚMERO DE LA CLASIFICACIÓN DECIMAL DEWEY |
| Número de clasificación |
RD861.42 |
| Número de documento/Ítem |
B516zH, 1968 |
| Número de edición |
22 |
| 100 1# - ENTRADA PRINCIPAL--NOMBRE DE PERSONA |
| Nombre de persona |
Bermúdez, Federico, |
| Fechas asociadas al nombre |
1884-1921 |
| 9 (RLIN) |
23672 |
| 245 14 - MENCIÓN DE TÍTULO |
| Título |
Los humildes / |
| Mención de responsabilidad, etc. |
Federico Bermúdez, Joaquín Balaguer. |
| 260 ## - PUBLICACIÓN, DISTRIBUCIÓN, ETC. |
| Lugar de publicación, distribución, etc. |
Santiago, (República Dominicana) : |
| Nombre del editor, distribuidor, etc. |
Universidad Católica Madre y Maestra (UCMM), |
| Fecha de publicación, distribución, etc. |
1968. |
| 300 ## - DESCRIPCIÓN FÍSICA |
| Extensión |
110 p. ; |
| Dimensiones |
19 cm. |
| 490 1# - MENCIÓN DE SERIE |
| Mención de serie |
Contemporáneos |
| 500 ## - NOTA GENERAL |
| Nota general |
Incluye datos biográficos del autor en la contracubierta. |
| 500 ## - NOTA GENERAL |
| Nota general |
Incluye crítica e interpretación de la obra de Federico Bermúdez Ortega realizada por Joaquín Balaguer |
| 590 ## - NOTA LOCAL (RLIN) |
| Nota local |
Inventariado, 2019/VM |
| 600 14 - PUNTO DE ACCESO ADICIONAL DE MATERIA--NOMBRE DE PERSONA |
| Nombre de persona |
Bermúdez, Federico, |
| Fechas asociadas al nombre |
1884-1921 |
| Subdivisión general |
Critica e interpretación |
| 9 (RLIN) |
23672 |
| 650 #4 - PUNTO DE ACCESO ADICIONAL DE MATERIA--TÉRMINO DE MATERIA |
| Término de materia o nombre geográfico como elemento de entrada |
Poesía dominicana |
| 9 (RLIN) |
66 |
| 650 #0 - PUNTO DE ACCESO ADICIONAL DE MATERIA--TÉRMINO DE MATERIA |
| Término de materia o nombre geográfico como elemento de entrada |
Literatura dominicana. |
| 9 (RLIN) |
67 |
| 830 #0 - PUNTO DE ACCESO ADICIONAL DE SERIE-TÍTULO UNIFORME |
| Título uniforme |
Contemporáneos |
| 9 (RLIN) |
6941 |
| 910 ## - DATOS DE OPCIÓN DEL USUARIO (OCLC) |
| Datos de opción del usuario |
Validado. Control de calidad. MMOLINA |
| 942 ## - ELEMENTOS DE PUNTO DE ACCESO ADICIONAL (KOHA) |
| Fuente del sistema de clasificación o colocación |
Dewey Decimal Classification |
| Tipo de ítem Koha |
Libro |